Ohňová země /

Hlavní autor: Coloane, Francisco, 1910-2002
Další autoři: Stuchlíková, Jarka, 1938-, Charvátová, Anežka, 1965-
Jazyk: Čeština
Vydáno: Praha : Mladá fronta, 2003
Vydání: 1. vyd.
Edice: Povídky (Mladá fronta)
Témata:
Externí odkaz: Digitalizovaný dokument
Fyzický popis: 166 s. ; 18 cm
Knihy
Uloženo v:
LEADER 01577nam a2200409 a 4500
001 000669598
003 CZ BrMZK
005 20100604134858.0
007 ta
008 030512s2003 xr g 000 j cze d
015 |a cnb001242438 
020 |a 80-204-0995-5  |q (brož.) 
035 |a (OCoLC)53271894 
040 |a PNA001  |b cze  |d BOA001 
041 1 |a cze  |h spa 
072 7 |a 821.134.2-3  |x Španělská próza, španělsky psaná  |2 Konspekt  |9 25 
080 |a 821.134.2(83)-32  |2 MRF 
080 |a (0:82-321.3)  |2 MRF 
100 1 |a Coloane, Francisco,  |d 1910-2002  |7 jo20000074454  |4 aut 
245 1 0 |a Ohňová země /  |c Francisco Coloane ; přeložila Jarka Stuchlíková ; [vybrala a doslov napsala Anežka Charvátová] 
250 |a 1. vyd. 
260 |a Praha :  |b Mladá fronta,  |c 2003 
300 |a 166 s. ;  |c 18 cm 
490 1 |a Povídky ;  |v sv. 3 
500 |a Přeloženo ze španělštiny 
655 7 |a chilské povídky  |7 fd183232  |2 czenas 
655 7 |a dobrodružné povídky  |7 fd132059  |2 czenas 
765 0 |t Cuentos escogidos  |9 Česky 
765 0 |t Cabo de hornos  |9 Česky 
765 0 |t Tierra del fuego  |9 Česky 
700 1 |a Stuchlíková, Jarka,  |d 1938-  |7 jn20000402306  |4 trl 
700 1 |a Charvátová, Anežka,  |d 1965-  |7 jn20000400383  |4 com  |4 wfw 
830 0 |a Povídky (Mladá fronta)  |0 s 
856 4 1 |u http://www.digitalniknihovna.cz/mzk/uuid/uuid:6d0761f0-a4f5-11e3-b833-005056827e52  |y Digitalizovaný dokument  |x NDK 
910 |a BOA001  |b 1-1118.514 
990 |a BK 
996 6 |b 2610188833  |c 1-1118.514  |l MZK  |r Sklad / do 1 hodiny  |n 0  |p p.v.  |w 000669598  |u 000010  |a 1  |e BOA001  |j MZK50  |s P